| 000 | 00588nam a22001937a 4500 | ||
|---|---|---|---|
| 005 | 20251108172240.0 | ||
| 008 | 250721s2000 xx 000 0 ara d | ||
| 082 | 1 | 4 | _a360/مدخ |
| 100 | 1 | _aالمعايطة، خليل | |
| 245 | 1 | 0 | _aمدخل إلى الخدمة الإجتماعية / |
| 264 | 1 |
_aعمان : _bدار الفكر، _c2000. |
|
| 300 | _a204ص. | ||
| 650 | 1 | 7 | _aالخدمات الإجتماعية |
| 650 | 1 | 7 | _aخدمات الشباب |
| 650 | 1 | 7 | _aرعاية الطفولة |
| 650 | 1 | 7 | _aالسياسة الإجتماعية |
| 942 |
_2ddc _cBK |
||
| 999 |
_c74209 _d74209 |
||